[Event "Tirol Landesliga 2223"]
[Site "Austria"]
[Date "2022.11.27"]
[Round "4.1"]
[White "Kruckenhauser, Arthur"]
[Black "Tabernig, Bernhard"]
[Result "1/2-1/2"]
[WhiteElo "2327"]
[BlackElo "2310"]
[PlyCount "83"]
[EventDate "2022.10.01"]
[EventType "team-tourn"]
[EventRounds "9"]
[EventCountry "AUT"]
[SourceTitle "EXT 2024"]
[Source "ChessBase"]
[SourceDate "2023.10.10"]
[SourceVersion "1"]
[SourceVersionDate "2023.10.10"]
[SourceQuality "1"]
[WhiteTeam "Schach ohne Grenzen"]
[BlackTeam "Reutte"]
[WhiteTeamCountry "AUT"]
[BlackTeamCountry "AUT"]

1. e4 e6 2. d4 d5 3. Nd2 Nc6 4. Ngf3 Nf6 5. e5 Nd7 6. Be2 f6 7. exf6 Qxf6 8. Nf1 h6 9. Ne3 Bd6 10. 0-0 b6 11. c4 dxc4 12. Nxc4 Bb7 13. Nxd6+ cxd6 14. b3 g5 15. Ba3 d5 16. Rc1 Rc8 17. Re1 Kd8 18. Ne5 Ndxe5 19. dxe5 Qg7 20. Bg4 Re8 21. Bd6 Na5 22. Qf3 Kd7 23. Bh5 Rh8 24. Bf7 g4 25. Qf4 Qg5 26. Qxg5 hxg5 27. Bg6 Ba6 28. Ba3 Rxc1 29. Bxc1 Nc6 30. Bb1 Rg8 31. Bb2 Rc8 32. h3 gxh3 33. gxh3 Nb4 34. Rc1 Bd3 35. Rxc8 Kxc8 36. Bxd3 Nxd3 37. Bd4 Kd7 38. Kg2 Ke8 39. Be3 Nxe5 40. Bxg5 Kf7 41. Kg3 Kg6 42. Bd2 1/2-1/2

[Event "AUT-chT2W 2122"]
[Site "Austria"]
[Date "2022.02.19"]
[Round "4.3"]
[White "Tabernig, Bernhard"]
[Black "Ljubic, Juro"]
[Result "0-1"]
[WhiteElo "2301"]
[BlackElo "2179"]
[PlyCount "132"]
[EventDate "2021.10.15"]
[EventType "team-tourn"]
[EventRounds "11"]
[EventCountry "AUT"]
[SourceTitle "EXT 2023"]
[Source "ChessBase"]
[SourceDate "2022.10.05"]
[SourceVersion "1"]
[SourceVersionDate "2022.10.05"]
[SourceQuality "1"]
[WhiteTeam "Mayrhofen/Zillertal"]
[BlackTeam "Schwarzach"]
[WhiteTeamCountry "AUT"]
[BlackTeamCountry "AUT"]

1. d4 Nf6 2. c4 e6 3. Nc3 Bb4 4. f3 d5 5. a3 Be7 6. e4 dxc4 7. Bxc4 c5 8. Be3 cxd4 9. Qxd4 Qxd4 10. Bxd4 Nc6 11. Be3 a6 12. Nh3 b5 13. Be2 0-0 14. Nf2 Rd8 15. 0-0 Nd4 16. Bd3 e5 17. Rad1 Be6 18. f4 Ng4 19. Bxd4 exd4 20. Nd5 Bxd5 21. Nxg4 Bb3 22. Rc1 f6 23. Rc6 Rdc8 24. Rfc1 Be6 25. Nf2 Bd7 26. Rxc8+ Rxc8 27. Rxc8+ Bxc8 28. g3 Kf7 29. Kf1 g5 30. f5 h5 31. Bc2 Bd6 32. Bb3+ Ke7 33. Bd5 Be5 34. b4 Bc7 35. Nd3 Kd6 36. Ba8 Bd7 37. Nc5 Bc8 38. Ke2 a5 39. Kd3 axb4 40. axb4 Ba5 41. Kxd4 Bxb4 42. Nd3 Ba5 43. Bd5 Bb6+ 44. Kc3 Bxf5 45. Bf7 Bxe4 46. Bxh5 Ba5+ 47. Kd4 Bd5 48. h4 b4 49. Nb2 Bb6+ 50. Kd3 gxh4 51. gxh4 Bf2 52. Nc4+ Kc5 53. Ne3 Bb7 54. Nf5 Ba6+ 55. Ke4 b3 56. Bd1 b2 57. Bc2 Be2 58. Bb1 Kc4 59. Ne3+ Kc3 60. Nd5+ Kd2 61. h5 Bxh5 62. Kf5 Bd4 63. Nf4 Bd1 64. Ne6 Bc3 65. Nc5 Bc2+ 66. Ne4+ Bxe4+ 0-1

[Event "AUT-chT2W 2122"]
[Site "Austria"]
[Date "2021.10.17"]
[Round "3.5"]
[White "Tabernig, Bernhard"]
[Black "Widner, Stefan"]
[Result "1-0"]
[WhiteElo "2301"]
[BlackElo "1949"]
[PlyCount "87"]
[EventDate "2021.10.15"]
[EventType "team-tourn"]
[EventRounds "11"]
[EventCountry "AUT"]
[SourceTitle "CBM 204 Extra"]
[Source "ChessBase"]
[SourceDate "2021.11.30"]
[SourceVersion "1"]
[SourceVersionDate "2021.11.30"]
[SourceQuality "1"]
[WhiteTeam "Mayrhofen/Zillertal"]
[BlackTeam "Jenbach II"]
[WhiteTeamCountry "AUT"]
[BlackTeamCountry "AUT"]

1. d4 Nf6 2. c4 e6 3. Nc3 d5 4. cxd5 exd5 5. Bg5 Be7 6. e3 0-0 7. Bd3 c6 8. Qc2 g6 9. f3 Nh5 10. Bh6 Re8 11. g4 Bh4+ 12. Kd2 Ng7 13. Bf4 Qe7 14. Nd1 a5 15. Ne2 Na6 16. a3 Bd7 17. Rc1 b5 18. Bg3 b4 19. a4 Bxg3 20. hxg3 Nc7 21. b3 Nce6 22. Ke1 Ng5 23. Kf2 Qf6 24. Nf4 h5 25. gxh5 Nxh5 26. Kg2 Kg7 27. Rxh5 Nxf3 28. Rh1 Rh8 29. Nf2 Ng5 30. Rxh8 Rxh8 31. Rh1 Rxh1 32. Kxh1 Qe7 33. Qe2 f5 34. Kg2 Qd6 35. Bc2 Bc8 36. N2h3 Nf7 37. Nd3 Ba6 38. Qf3 Qe7 39. Nc5 Bc8 40. Kf2 Nd6 41. Qf4 Nf7 42. Qb8 Nd6 43. Ng5 Kf6 44. Nf3 1-0

[Event "AUT-chT2W 2122"]
[Site "Austria"]
[Date "2021.10.16"]
[Round "2.4"]
[White "Tabernig, Bernhard"]
[Black "Brunello, Marina"]
[Result "0-1"]
[WhiteElo "2301"]
[BlackElo "2354"]
[PlyCount "68"]
[EventDate "2021.10.15"]
[EventType "team-tourn"]
[EventRounds "11"]
[EventCountry "AUT"]
[SourceTitle "CBM 204 Extra"]
[Source "ChessBase"]
[SourceDate "2021.11.30"]
[SourceVersion "1"]
[SourceVersionDate "2021.11.30"]
[SourceQuality "1"]
[WhiteTeam "Mayrhofen/Zillertal"]
[BlackTeam "Schach ohne Grenzen"]
[WhiteTeamCountry "AUT"]
[BlackTeamCountry "AUT"]

1. d4 d5 2. c4 c6 3. Nc3 Nf6 4. Nf3 e6 5. Bg5 h6 6. Bh4 g5 7. Bg3 dxc4 8. e4 b5 9. Be2 Bb7 10. 0-0 Nbd7 11. Ne5 Be7 12. Nxd7 Qxd7 13. Be5 0-0 14. h4 Nh7 15. hxg5 hxg5 16. Qc2 f6 17. Bg3 Qxd4 18. Rad1 Qb6 19. b3 c5 20. Bg4 Rfd8 21. a4 a6 22. axb5 axb5 23. bxc4 b4 24. Nb5 Rxd1 25. Rxd1 Nf8 26. Bd6 Bxd6 27. Rxd6 Qa5 28. Bxe6+ Nxe6 29. Rxe6 Qa1+ 30. Kh2 Kf7 31. Rb6 Qe5+ 32. g3 Rh8+ 33. Kg1 Qa1+ 34. Kg2 Qh1# 0-1

[Event "AUT-chT 1920"]
[Site "Austria"]
[Date "2020.01.10"]
[Round "6.6"]
[White "Baenziger, Fabian"]
[Black "Tabernig, Bernhard"]
[Result "1-0"]
[WhiteElo "2378"]
[BlackElo "2276"]
[PlyCount "89"]
[EventDate "2019.10.10"]
[EventType "team-tourn"]
[EventRounds "11"]
[EventCountry "AUT"]
[SourceTitle "CBM 194 Extra"]
[Source "ChessBase"]
[SourceDate "2020.03.31"]
[SourceVersion "1"]
[SourceVersionDate "2020.03.31"]
[SourceQuality "1"]
[WhiteTeam "Hohenems"]
[BlackTeam "Mayrhofen/Zillertal"]
[WhiteTeamCountry "AUT"]
[BlackTeamCountry "AUT"]

1. d4 d5 2. c4 e6 3. Nf3 c6 4. Qc2 Nf6 5. e3 Nbd7 6. Nc3 Bd6 7. Bd3 dxc4 8. Bxc4 b5 9. Be2 Bb7 10. 0-0 0-0 11. e4 e5 12. dxe5 Nxe5 13. Nd4 Neg4 14. g3 Qb6 15. Nf5 Bc5 16. Kg2 Bc8 17. a4 a6 18. a5 Qa7 19. h3 Bxf5 20. exf5 Ne5 21. Bg5 Ned7 22. Bf3 Rac8 23. Rad1 Bd4 24. Ne2 Be5 25. Be3 c5 26. g4 h6 27. h4 Bd4 28. Nxd4 cxd4 29. Bxd4 Rxc2 30. Bxa7 Ne5 31. g5 Nxf3 32. Kxf3 hxg5 33. hxg5 Nh7 34. Be3 Rxb2 35. Rd6 Rb3 36. Rg1 f6 37. g6 Ng5+ 38. Kg2 Ne4 39. Rxa6 Rd3 40. Re6 Nd6 41. Bc5 Rd8 42. Rge1 Kf8 43. Rxd6 R8xd6 44. a6 R3d5 45. a7 1-0

[Event "AUT-chT 1920"]
[Site "Austria"]
[Date "2019.10.12"]
[Round "3.2"]
[White "Naumann, Alexander"]
[Black "Tabernig, Bernhard"]
[Result "1-0"]
[WhiteElo "2537"]
[BlackElo "2276"]
[PlyCount "103"]
[EventDate "2019.10.10"]
[EventType "team-tourn"]
[EventRounds "11"]
[EventCountry "AUT"]
[SourceTitle "EXT 2020"]
[Source "ChessBase"]
[SourceDate "2019.10.17"]
[SourceVersion "1"]
[SourceVersionDate "2019.10.17"]
[SourceQuality "1"]
[WhiteTeam "Maria Saal"]
[BlackTeam "Mayrhofen/Zillertal"]
[WhiteTeamCountry "AUT"]
[BlackTeamCountry "AUT"]

1. e4 e6 2. d4 d5 3. Nd2 Be7 4. Ngf3 Nf6 5. e5 Nfd7 6. Bd3 c5 7. c3 Nc6 8. 0-0 a5 9. a4 cxd4 10. cxd4 Nb4 11. Bb5 0-0 12. Re1 Nb6 13. Nb1 Bd7 14. Nc3 Bxb5 15. axb5 h6 16. Bf4 Qd7 17. b3 Rfc8 18. Re3 Rc7 19. Nd2 Qc8 20. Ndb1 Kh7 21. Rg3 Qf8 22. Rf3 Nd7 23. Ne2 b6 24. Nbc3 Rac8 25. Qd2 g5 26. Bg3 Qg7 27. Re3 Qg6 28. Rc1 h5 29. h3 Rf8 30. Kh1 Rfc8 31. Bh2 Bf8 32. g4 Bh6 33. Ng3 h4 34. Nh5 Bg7 35. Kg2 Nf8 36. Rf3 Bh8 37. Re3 Qh6 38. f4 Ng6 39. Rf3 gxf4 40. Bxf4 Nxf4+ 41. Nxf4 f6 42. exf6 Bxf6 43. Rcf1 Bg5 44. R1f2 Rf8 45. Nce2 Rc2 46. Qe3 Rf6 47. Qe5 Bxf4 48. Nxf4 Rxf2+ 49. Rxf2 Qf8 50. Kg1 Qe7 51. Qg5 Qg7 52. Qxg7+ 1-0

[Event "AUT-chT 1819"]
[Site "Austria"]
[Date "2019.01.18"]
[Round "6.3"]
[White "Diermair, Andreas"]
[Black "Tabernig, Bernhard"]
[Result "1-0"]
[WhiteElo "2478"]
[BlackElo "2318"]
[PlyCount "87"]
[EventDate "2018.11.15"]
[EventType "team-tourn"]
[EventRounds "11"]
[EventCountry "AUT"]
[SourceTitle "CBM 188 Extra"]
[Source "ChessBase"]
[SourceDate "2019.02.26"]
[SourceVersion "1"]
[SourceVersionDate "2019.02.26"]
[SourceQuality "1"]
[WhiteTeam "Raika Feffernitz"]
[BlackTeam "Mayrhofen/Zillertal"]
[WhiteTeamCountry "AUT"]
[BlackTeamCountry "AUT"]

1. c4 Nf6 2. d4 e6 3. Nf3 d5 4. g3 Bb4+ 5. Bd2 Be7 6. Bg2 0-0 7. 0-0 c6 8. Qc2 b6 9. Bf4 Bb7 10. Rd1 Nbd7 11. Ne5 Rc8 12. Nc3 Ne8 13. Qa4 Nxe5 14. dxe5 a6 15. cxd5 cxd5 16. e4 Rc4 17. Qb3 Rb4 18. Qc2 d4 19. Ne2 Qc7 20. Rac1 Qxc2 21. Rxc2 d3 22. Rxd3 Bxe4 23. Bxe4 Rxe4 24. Rd4 Rxd4 25. Nxd4 a5 26. a3 a4 27. Nb5 Bc5 28. Nc3 f6 29. Nxa4 Bd4 30. Be3 fxe5 31. Nxb6 Nd6 32. a4 Nf5 33. Bxd4 Nxd4 34. Rc7 Nf3+ 35. Kg2 Ne1+ 36. Kf1 Nd3 37. Ke2 e4 38. Rc8 Rxc8 39. Nxc8 Nxb2 40. a5 Na4 41. a6 Nc3+ 42. Kd2 e3+ 43. fxe3 Ne4+ 44. Kc2 1-0

[Event "AUT-chT2W 1718"]
[Site "Austria"]
[Date "2017.10.15"]
[Round "3.5"]
[White "Tabernig, Bernhard"]
[Black "Hengl, Christian"]
[Result "1-0"]
[WhiteElo "2328"]
[BlackElo "2153"]
[PlyCount "85"]
[EventDate "2017.10.13"]
[EventType "team-tourn"]
[EventRounds "11"]
[EventCountry "AUT"]
[SourceTitle "CBM 181 Extra"]
[Source "ChessBase"]
[SourceDate "2017.12.12"]
[SourceVersion "1"]
[SourceVersionDate "2017.12.12"]
[SourceQuality "1"]
[WhiteTeam "Zillertal"]
[BlackTeam "Rochade Rum"]
[WhiteTeamCountry "AUT"]
[BlackTeamCountry "AUT"]

1. d4 d5 2. c4 c6 3. Nf3 Nf6 4. Nc3 dxc4 5. a4 Bf5 6. Ne5 Nbd7 7. Nxc4 Nb6 8. Ne5 a5 9. f3 Nfd7 10. Nxd7 Bxd7 11. e4 e6 12. Be3 Bb4 13. Be2 0-0 14. 0-0 Qe7 15. Bf2 Rfd8 16. Qb3 Rac8 17. Na2 c5 18. Nxb4 c4 19. Nd5 Nxd5 20. Bxc4 Nb4 21. Rfc1 Bc6 22. Qe3 Rc7 23. b3 Rcd7 24. Qe2 Rxd4 25. Bxd4 Rxd4 26. Qf2 Qd6 27. Re1 e5 28. f4 exf4 29. e5 Qd8 30. e6 fxe6 31. Rxe6 Kh8 32. Rae1 h6 33. Bb5 Bxb5 34. axb5 Qd5 35. R6e5 Qd6 36. R5e4 Rxe4 37. Rxe4 Qd1+ 38. Qe1 Qxe1+ 39. Rxe1 Nd3 40. Re7 Nc5 41. b6 Kg8 42. Rc7 Nxb3 43. Rxb7 1-0

[Event "AUT-chT2W 1617"]
[Site "Austria"]
[Date "2016.10.28"]
[Round "1.4"]
[White "Tabernig, Bernhard"]
[Black "Moroder, Stefan"]
[Result "1/2-1/2"]
[WhiteElo "2330"]
[BlackElo "2206"]
[PlyCount "84"]
[EventDate "2016.10.28"]
[EventType "team-tourn"]
[EventRounds "11"]
[EventCountry "AUT"]
[SourceTitle "EXT 2018"]
[Source "ChessBase"]
[SourceDate "2017.10.13"]
[SourceVersion "1"]
[SourceVersionDate "2017.10.13"]
[SourceQuality "1"]
[WhiteTeam "Zillertal"]
[BlackTeam "Rochade Rum"]
[WhiteTeamCountry "AUT"]
[BlackTeamCountry "AUT"]

1. d4 Nf6 2. c4 g6 3. Nc3 Bg7 4. e4 d6 5. Nf3 0-0 6. Be2 e5 7. 0-0 Nc6 8. d5 Ne7 9. Ne1 c5 10. Rb1 Ne8 11. b4 b6 12. bxc5 bxc5 13. Qa4 f5 14. f3 f4 15. Bd2 h5 16. Nd3 g5 17. Nb5 Ng6 18. Ba5 Qe7 19. Nf2 Nh4 20. Rb3 Bd7 21. Qa3 Rf6 22. Rfb1 g4 23. fxg4 Rg6 24. h3 a6 25. Be1 Nf6 26. Nc7 Rf8 27. Ne6 Bxe6 28. dxe6 Qxe6 29. Qxa6 hxg4 30. hxg4 Nxg2 31. Kxg2 Nxg4 32. Bxg4 Rxg4+ 33. Kf3 Rg3+ 34. Ke2 Qg6 35. Kd2 Re3 36. Rd3 Qh5 37. Qxd6 Qe2+ 38. Kc3 Qxa2 39. Qe6+ Kh7 40. Rxe3 fxe3 41. Qh3+ Kg8 42. Qe6+ Kh7 1/2-1/2

[Event "AUT-chT2W 1516"]
[Site "Austria"]
[Date "2016.03.05"]
[Round "10.1"]
[White "Tabernig, Bernhard"]
[Black "Herrmann, Michael2222"]
[Result "1-0"]
[WhiteElo "2328"]
[BlackElo "2103"]
[PlyCount "76"]
[EventDate "2015.10.16"]
[EventType "team-tourn"]
[EventRounds "11"]
[EventCountry "AUT"]
[SourceTitle "EXT 2017"]
[Source "ChessBase"]
[SourceDate "2016.10.25"]
[SourceVersion "1"]
[SourceVersionDate "2016.10.25"]
[SourceQuality "1"]
[WhiteTeam "Zillertal"]
[BlackTeam "Salzburg"]
[WhiteTeamCountry "AUT"]
[BlackTeamCountry "AUT"]

1. d4 d5 2. c4 c6 3. Nc3 Nf6 4. Nf3 a6 5. a4 e6 6. g3 a5 7. Bg2 Na6 8. 0-0 Be7 9. Ne5 Nb4 10. e4 0-0 11. Bg5 Qc7 12. Rc1 Rd8 13. Bf4 Qb6 14. exd5 exd5 15. c5 Qa7 16. Re1 Re8 17. g4 Be6 18. g5 Nd7 19. g6 hxg6 20. Nxg6 Bf6 21. Ne5 Nxe5 22. Bxe5 Bxe5 23. Rxe5 Bd7 24. Rg5 Qb8 25. Qd2 Qc7 26. Kh1 Re6 27. Rg1 g6 28. Nd1 Kg7 29. Ne3 Rf6 30. Re5 Rh8 31. Nf1 Rh4 32. Ng3 Rhf4 33. f3 Rh4 34. Qg5 Rh8 35. Bf1 Rxf3 36. Nh5+ Kf8 37. Qe7+ Kg8 38. Reg5 Kh7 1-0

[Event "AUT-chT2W 1516"]
[Site "Austria"]
[Date "2016.01.23"]
[Round "7.4"]
[White "Tabernig, Bernhard"]
[Black "Berger, Kaspar"]
[Result "1-0"]
[WhiteElo "2328"]
[BlackElo "2051"]
[PlyCount "85"]
[EventDate "2015.10.16"]
[EventType "team-tourn"]
[EventRounds "11"]
[EventCountry "AUT"]
[SourceTitle "CBM 170 Extra"]
[Source "ChessBase"]
[SourceDate "2016.02.25"]
[SourceVersion "1"]
[SourceVersionDate "2016.02.25"]
[SourceQuality "1"]
[WhiteTeam "Zillertal"]
[BlackTeam "Bernhard II"]
[WhiteTeamCountry "AUT"]
[BlackTeamCountry "AUT"]

1. d4 d5 2. c4 e6 3. Nc3 Nf6 4. cxd5 exd5 5. Bg5 c6 6. e3 Nbd7 7. Qc2 Be7 8. Bd3 0-0 9. Nge2 h6 10. Bh4 Ne8 11. Bg3 Ndf6 12. 0-0 Be6 13. Nf4 Rc8 14. Na4 Qa5 15. a3 Bd7 16. b4 Qd8 17. Nc5 Bxc5 18. bxc5 g5 19. Ne2 Nh5 20. Rfb1 b5 21. a4 a6 22. axb5 axb5 23. Ra7 Ra8 24. Rba1 Rxa7 25. Rxa7 Nxg3 26. Nxg3 Ng7 27. e4 Be6 28. e5 Qc8 29. h3 Rd8 30. Qa2 Nf5 31. Bxf5 Bxf5 32. Qa5 Rf8 33. Rc7 Qe6 34. Nh5 Rc8 35. Nf6+ Kg7 36. Ra7 Bg6 37. g4 h5 38. Qd2 hxg4 39. hxg4 Rb8 40. Qxg5 Qc8 41. Nh5+ Kg8 42. Rxf7 Kxf7 43. Qf6+ 1-0

[Event "AUT-chT2W 1516"]
[Site "Austria"]
[Date "2015.10.17"]
[Round "2.3"]
[White "Tabernig, Bernhard"]
[Black "Sucher, Johannes"]
[Result "1-0"]
[WhiteElo "2328"]
[BlackElo "2169"]
[PlyCount "83"]
[EventDate "2015.10.16"]
[EventType "team-tourn"]
[EventRounds "11"]
[EventCountry "AUT"]
[SourceTitle "CBM 168 Extra"]
[Source "ChessBase"]
[SourceDate "2015.10.29"]
[SourceVersion "1"]
[SourceVersionDate "2015.10.29"]
[SourceQuality "1"]
[WhiteTeam "Zillertal"]
[BlackTeam "Pradl"]
[WhiteTeamCountry "AUT"]
[BlackTeamCountry "AUT"]

1. d4 Nf6 2. c4 e5 3. dxe5 Ng4 4. Bf4 g5 5. Bd2 Nxe5 6. Bc3 Bg7 7. e3 0-0 8. h4 d6 9. hxg5 Qxg5 10. Nf3 Qg6 11. Nh4 Qh6 12. Be2 Be6 13. Nd2 Nbc6 14. Qc2 Ng6 15. g3 a5 16. f4 Nxh4 17. 0-0-0 Nb4 18. Bxb4 axb4 19. Rxh4 Qg6 20. Bd3 f5 21. Kb1 Ra7 22. Nb3 Rfa8 23. Nc1 b5 24. g4 Qf7 25. gxf5 Bxc4 26. Bxc4 bxc4 27. f6 Qxf6 28. Qxc4+ Kf8 29. Rh2 Ra5 30. Rd5 Qe6 31. Rxa5 Qxc4 32. Rxa8+ Kf7 33. Rc2 Qe4 34. Ra7 Kf6 35. Raxc7 Qxe3 36. R7c4 Bh6 37. Rxb4 Bxf4 38. a4 h5 39. a5 d5 40. a6 Bg3 41. Rc3 Qa7 42. Rf3+ 1-0

[Event "Trieste op 17th"]
[Site "Trieste"]
[Date "2015.09.03"]
[Round "8"]
[White "Tabernig, Bernhard"]
[Black "Hrescak, Ivana"]
[Result "1-0"]
[WhiteElo "2327"]
[BlackElo "1993"]
[PlyCount "79"]
[EventDate "2015.08.29"]
[EventType "swiss"]
[EventRounds "9"]
[EventCountry "ITA"]
[SourceTitle "EXT 2016"]
[Source "ChessBase"]
[SourceDate "2015.10.08"]
[SourceVersion "1"]
[SourceVersionDate "2015.10.08"]
[SourceQuality "1"]

1. d4 Nf6 2. c4 g6 3. Nc3 Bg7 4. e4 d6 5. Nf3 0-0 6. Be2 e5 7. 0-0 Nc6 8. d5 Ne7 9. Ne1 Nd7 10. Nd3 f5 11. Bd2 Nf6 12. f3 f4 13. c5 g5 14. Rc1 h5 15. Nb5 Ne8 16. Ba5 b6 17. cxd6 cxd6 18. Be1 Bd7 19. a4 a5 20. Bf2 Bxb5 21. axb5 Nf6 22. b4 a4 23. Nb2 a3 24. Nc4 Nc8 25. Ra1 a2 26. Qb3 g4 27. Rxa2 Rxa2 28. Qxa2 gxf3 29. gxf3 Nxe4 30. fxe4 f3 31. Be3 fxe2 32. Rxf8+ Bxf8 33. Qxe2 Qe7 34. Qg2+ Bg7 35. Nd2 Na7 36. Qg6 Kf8 37. Nf3 Qd7 38. Ng5 Qg4+ 39. Kf2 Nxb5 40. Qf7# 1-0

[Event "AUT-chT 1415"]
[Site "Austria"]
[Date "2015.03.20"]
[Round "10.5"]
[White "Tabernig, Bernhard"]
[Black "Lehner, Oliver"]
[Result "1-0"]
[WhiteElo "2383"]
[BlackElo "2441"]
[PlyCount "99"]
[EventDate "2014.11.20"]
[EventType "team-tourn"]
[EventRounds "11"]
[EventCountry "AUT"]
[SourceTitle "EXT 2016"]
[Source "ChessBase"]
[SourceDate "2015.10.08"]
[SourceVersion "1"]
[SourceVersionDate "2015.10.08"]
[SourceQuality "1"]
[WhiteTeam "Mayrhofen/Zillertal"]
[BlackTeam "Jenbach"]
[WhiteTeamCountry "AUT"]
[BlackTeamCountry "AUT"]

1. d4 Nf6 2. c4 g6 3. Nc3 Bg7 4. e4 0-0 5. Nf3 d6 6. Be2 e5 7. Be3 Ng4 8. Bg5 f6 9. Bc1 Nc6 10. d5 Nd4 11. Nxd4 exd4 12. Nb5 f5 13. Bxg4 fxg4 14. 0-0 Qe7 15. Qd3 c5 16. dxc6 bxc6 17. Nxd4 Bb7 18. c5 Kh8 19. Nb3 Rad8 20. Be3 d5 21. exd5 Rxd5 22. Qc4 Bc8 23. Rad1 Rfd8 24. Rxd5 Rxd5 25. Re1 Re5 26. Rd1 Be6 27. Qb4 Kg8 28. Na5 Bd5 29. Nc4 Re4 30. Qb8+ Qf8 31. Qxf8+ Bxf8 32. Nd6 Re6 33. a3 a5 34. Nb7 Bg7 35. b4 axb4 36. axb4 Re7 37. Nd6 Bb3 38. Rd3 Ra7 39. f3 Ra1+ 40. Kf2 Bc2 41. Rd2 Ba4 42. Bd4 Rb1 43. Bxg7 Kxg7 44. Rd4 gxf3 45. gxf3 Rb2+ 46. Kg3 g5 47. Ne4 h6 48. Nc3 Bb3 49. b5 cxb5 50. Rb4 1-0

[Event "AUT-chT 1415"]
[Site "Austria"]
[Date "2015.03.19"]
[Round "9.3"]
[White "De Francesco, Klaus"]
[Black "Tabernig, Bernhard"]
[Result "1-0"]
[WhiteElo "2241"]
[BlackElo "2383"]
[PlyCount "86"]
[EventDate "2014.11.20"]
[EventType "team-tourn"]
[EventRounds "11"]
[EventCountry "AUT"]
[SourceTitle "EXT 2016"]
[Source "ChessBase"]
[SourceDate "2015.10.08"]
[SourceVersion "1"]
[SourceVersionDate "2015.10.08"]
[SourceQuality "1"]
[WhiteTeam "Absam"]
[BlackTeam "Mayrhofen/Zillertal"]
[WhiteTeamCountry "AUT"]
[BlackTeamCountry "AUT"]

1. d4 Nf6 2. c4 e6 3. Nc3 Bb4 4. Qc2 0-0 5. e4 d5 6. e5 Ne4 7. Bd3 c5 8. Nf3 Nc6 9. 0-0 Bxc3 10. bxc3 Qa5 11. Bxe4 dxe4 12. Qxe4 Qxc3 13. Ng5 g6 14. Qh4 h5 15. Ne4 Qxd4 16. Nf6+ Kg7 17. Nxh5+ gxh5 18. Qg5+ Kh7 19. Qxh5+ Kg8 20. Qg5+ Kh7 21. Qh6+ Kg8 22. Bg5 Qd3 23. Bf6 Qh7 24. Qe3 Nd4 25. Rad1 b6 26. Rd3 Bb7 27. Re1 Rfc8 28. Qg5+ Kf8 29. Rh3 Qxh3 30. Qg7+ Ke8 31. gxh3 Bf3 32. Re3 Kd7 33. Qxf7+ Kc6 34. Kf1 Rf8 35. Qe7 Rae8 36. Qd6+ Kb7 37. Qd7+ Kb8 38. Be7 Rxe7 39. Qxe7 Rf5 40. h4 a5 41. h5 Nc2 42. Rxf3 Rxf3 43. h6 Nd4 1-0

[Event "AUT-chT 1415"]
[Site "Austria"]
[Date "2015.02.27"]
[Round "6.3"]
[White "Sebenik, Matej"]
[Black "Tabernig, Bernhard"]
[Result "1/2-1/2"]
[WhiteElo "2516"]
[BlackElo "2383"]
[PlyCount "75"]
[EventDate "2014.11.20"]
[EventType "team-tourn"]
[EventRounds "11"]
[EventCountry "AUT"]
[SourceTitle "EXT 2016"]
[Source "ChessBase"]
[SourceDate "2015.10.08"]
[SourceVersion "1"]
[SourceVersionDate "2015.10.08"]
[SourceQuality "1"]
[WhiteTeam "Raika Feffernitz"]
[BlackTeam "Mayrhofen/Zillertal"]
[WhiteTeamCountry "AUT"]
[BlackTeamCountry "AUT"]

1. Nf3 Nf6 2. c4 e6 3. g3 a6 4. Bg2 b5 5. b3 Bb7 6. Nc3 b4 7. Na4 d6 8. d4 Nbd7 9. 0-0 Be7 10. a3 a5 11. axb4 axb4 12. Be3 c5 13. dxc5 dxc5 14. Ne1 Bxg2 15. Kxg2 Ng4 16. Bf4 Nge5 17. Nd3 Nxd3 18. Qxd3 Ra7 19. Qf3 0-0 20. Rad1 Qa8 21. Bd6 Qxf3+ 22. exf3 Bxd6 23. Rxd6 Rc7 24. f4 h6 25. Rfd1 Nf6 26. Kf3 Re8 27. g4 g5 28. f5 Kg7 29. fxe6 fxe6 30. h3 Kf7 31. Ke3 h5 32. f3 hxg4 33. hxg4 Rh8 34. Rb6 Rh3 35. Kf2 Rh2+ 36. Ke3 Rh3 37. Kf2 Rh2+ 38. Ke3 1/2-1/2

[Event "Riga Tech op 4th"]
[Site "Riga"]
[Date "2014.08.20"]
[Round "5"]
[White "Antipov, Mikhail Al"]
[Black "Tabernig, Bernhard"]
[Result "1/2-1/2"]
[WhiteElo "2508"]
[BlackElo "2369"]
[PlyCount "36"]
[EventDate "2014.08.16"]
[EventType "swiss"]
[EventRounds "9"]
[EventCountry "LAT"]
[SourceTitle "CBM 161 Extra"]
[Source "ChessBase"]
[SourceDate "2014.08.29"]
[SourceVersion "1"]
[SourceVersionDate "2014.08.29"]
[SourceQuality "1"]

1. e4 e6 2. d4 d5 3. Nd2 Nf6 4. e5 Nfd7 5. c3 c5 6. Bd3 Nc6 7. Ngf3 Be7 8. 0-0 g5 9. dxc5 g4 10. Nd4 Ndxe5 11. Bb5 Bd7 12. N2b3 h5 13. Re1 Nxd4 14. Bxd7+ Qxd7 15. Nxd4 Ng6 16. b4 e5 17. Nc2 0-0-0 18. Ne3 Rhg8 1/2-1/2

[Event "AUT-chT2W 1314"]
[Site "Austria"]
[Date "2014.03.09"]
[Round "11.4"]
[White "Tabernig, Bernhard"]
[Black "Riediger, Martin"]
[Result "1-0"]
[WhiteElo "2327"]
[BlackElo "2268"]
[PlyCount "103"]
[EventDate "2013.10.18"]
[EventType "team-tourn"]
[EventRounds "11"]
[EventCountry "AUT"]
[SourceTitle "EXT 2015"]
[Source "ChessBase"]
[SourceDate "2014.11.20"]
[SourceVersion "1"]
[SourceVersionDate "2014.11.20"]
[SourceQuality "1"]
[WhiteTeam "Zillertal"]
[BlackTeam "Ranshofen"]
[WhiteTeamCountry "AUT"]
[BlackTeamCountry "AUT"]

1. d4 d5 2. c4 c6 3. Nf3 Nf6 4. e3 a6 5. c5 Bg4 6. Qb3 Ra7 7. Ne5 Nbd7 8. Nxg4 Nxg4 9. Be2 Ngf6 10. f4 e6 11. Nc3 Be7 12. 0-0 0-0 13. Bd2 b6 14. cxb6 Qxb6 15. Qxb6 Nxb6 16. Rfc1 Rc8 17. b3 a5 18. a4 Bb4 19. Ra2 Raa8 20. Nb1 Bxd2 21. Nxd2 Nbd7 22. Rac2 Nb8 23. Nf3 Nfd7 24. Ne5 Nxe5 25. fxe5 Rd8 26. Rc5 Kf8 27. g4 Ke7 28. Kg2 Rd7 29. h4 Rb7 30. R1c3 h6 31. g5 hxg5 32. hxg5 Rb6 33. Kg3 Ra7 34. Kf4 g6 35. Bd1 Kd8 36. e4 Rb4 37. Ke3 Nd7 38. Rxc6 Nxe5 39. Rc8+ Ke7 40. exd5 exd5 41. R3c5 Nd7 42. Rxd5 Ke6 43. Rb5 Rxb5 44. axb5 Kf5 45. b6 Ra6 46. Rc5+ Ke6 47. Bg4+ Kd6 48. Bxd7 Kxd7 49. Rc7+ Kd8 50. Rc6 Ra8 51. b7 Rb8 52. Rc8+ 1-0